000
00320pab a2200145 454500
008
180718b2006 xxu||||| |||| 00| 0 eng d
100
_a
Muthu Kumar
245
_a
Managing in troubled times
260
_c
2006
300
_a
p.51-54.
362
_a
Apr
650
_a
Management
773
_a
Global CEO
909
_a
69232
999
_c
69232
_d
69232